000 00873nam a2200253 a 4500
001 ASIN1850659737
005 20170105102845.0
008 130815s2009 xxu eng d
020 _a1850659737 (paperback)
020 _a9781850659730 (paperback)
040 _a0
050 0 4 _aCB251
082 0 4 _a909.1
100 1 _aKardas, Atle Mesoy Stig Jarle Hansen Tuncay.
245 1 4 _aThe borders of islam. exploring samuel huntington's fultlines, from al-andalus to the virtual ummah /
_cAtle Mesoy Stig Jarle Hansen Tuncay Kardas.
260 _a[S.l.] :
_bHURST & COMPANY,
_c2009.
300 _a1 v. (unpaged) ;
_c22 cm.
650 0 _aEast and West
650 0 _aHuntington, Samuel P
650 0 _aIslam--Relations
650 0 _aIslamic civilization
856 4 0 _3Amazon.com
_uhttp://www.amazon.com/exec/obidos/ASIN/1850659737/chopaconline-20
942 _2ddc
_cBK
999 _c14035
_d14035